Terraria Wings - Statistics

General Stats
  • This quiz has been taken 195 times
  • The average score is 16 of 41
Answer Stats
Wings % Correct
{Angel} Wings
78%
{Demon} Wings
76%
{Harpy} Wings
74%
{Solar} Wings
69%
{Fairy} Wings
66%
{Fishron} Wings
64%
{Bee} Wings
60%
{Stardust} Wings
59%
{Leaf} Wings
57%
{Butterfly} Wings
55%
{Flame} Wings
55%
{Jetpack}
55%
{Red}'s Wings
55%
{Hoverboard}
51%
{Bat} Wings
49%
{Steampunk} Wings
49%
{Frozen} Wings
47%
{Bone} Wings
45%
{Mothron} Wings
44%
{Beetle} Wings
43%
{Spectre} Wings
42%
{Vortex} {Booster}
36%
{Betsy}'s Wings
34%
{Cenx}'s Wings
34%
{Spooky} Wings
33%
{Nebula} {Mantle}
27%
{Fin} Wings
24%
{Jim}'s Wings
22%
{Festive} Wings
20%
{Loki}'s Wings
20%
{Ghost} Wings
17%
{Will}'s Wings
17%
{Tattered} {Fairy} Wings
16%
{D-Town}'s Wings
15%
{Crowno}'s Wings
14%
{Skiphs}'s {Paws}
14%
{Yoraiz0r}'s {Spell}
14%
{Sparkly} Wings
13%
{Lazure}'s {Barrier} {Platform}
12%
{Arkhalis}'s {Light}wings
10%
{Leinfors}' {Prehensile} {Cloak}
10%
No matching quizzes found
Score Distribution
Percent of People with Each Score
Percentile by Number Answered
Your Score History
You have not taken this quiz